Estadísticas para Falsos Amigos (Cognados)

Haz click aquí para intentar la prueba.

Estadísticas generales

  • Esta prueba ha sido intentada 102 veces
  • La puntuación promedio es 8 de 15

Estadísticas de respuestas

InglésEspañol% Correcto
ExitSalida
92%
CarpetAlfombra
80%
SuccessÉxito
72%
LargeGrande
63%
EmbarrassedAvergonzado
59%
RopeCuerda
56%
ActuallyEn realidad
55%
To introducePresentar
55%
To supportApoyar
53%
To assistAyudar
53%
FabricTela
37%
SaneCuerdo
35%
GroceryMercado
21%
SensibleSensato
20%
IdiomModismo
3%

Distribución de puntuación

Porcentaje por número respondido

Porcentaje de gente con cada puntuación

Historial de tus puntuaciones

No has intentado esta prueba.